El problema palestinense (Record no. 122590)

MARC details
000 -LEADER
campo de control de longitud fija 00786nam a2200181 4500
001 - NÚMERO DE CONTROL
campo de control 122590
003 - IDENTIFICADOR DE NÚMERO DE CONTROL
campo de control ES-MaACL
005 - FECHA Y HORA DE LA ÚLTIMA TRANSACCIÓN
campo de control 20230906192015.0
007 - CAMPO FIJO DE DESCRIPCIÓN FÍSICA--INFORMACIÓN GENERAL
campo de control de longitud fija t|
008 - DATOS DE LONGITUD FIJA--INFORMACIÓN GENERAL
campo de control de longitud fija 070214s1968 ae r ||||1| spa d
111 2# - ENTRADA PRINCIPAL--NOMBRE DE CONGRESO/REUNIÓN
Nombre de congreso/reunión o jurisdicción como elemento de entrada Coloquio de Juristas Árabes sobre Palestina (
Fecha del congreso o de la firma del tratado 1967.
Sede del congreso/Lugar de la reunión Argel)
9 (RLIN) 92
245 13 - MENCIÓN DEL TÍTULO
Título El problema palestinense
Resto del título : Coloquio de Juristas rabes sobre Palestina (Argel, 22-27 de julio de 1967) /
Mención de responsabilidad, etc. traducción de Rodolfo Aráoz Alfaro.
260 ## - PUBLICACIÓN, DISTRIBUCIÓN, ETC.
Lugar de publicación, distribución, etc. Argel :
Nombre del editor, distribuidor, etc. Ministère de la Justice de la République Algérienne Démocratique et Populaire.
300 ## - DESCRIPCIÓN FÍSICA
Extensión 255 p. ;
Dimensiones 20 cm.
700 1# - ENTRADA AGREGADA--NOMBRE PERSONAL
Nombre de persona Aráoz Alfaro, Rodolfo.
9 (RLIN) 22342
710 2# - ENTRADA AGREGADA--NOMBRE DE ENTIDAD CORPORATIVA
Nombre de entidad corporativa o nombre de jurisdicción como elemento de entrada Argel.
Unidad subordinada Ministère de la Justice de la République Algérienne Démocratique et Populaire.
9 (RLIN) 1473
852 ## - LOCALIZACIÓN
Ubicación ES-MaACL
Número de control de estantería E-5921
Sublocalización o colección R.90117
Holdings
Estatus retirado Estado de pérdida Estado de daño No para préstamo Biblioteca de origen Biblioteca actual Ubicación en estantería Fecha de adquisición Fuente de adquisición Total de préstamos Signatura topográfica completa Código de barras Visto por última vez Precio de reemplazo Tipo de ítem Koha
        Biblioteca del Ateneo de Madrid Biblioteca del Ateneo de Madrid Depósito 2 17/01/2008     E-5921 1127742 23/02/2023 23/02/2023 Libro impreso